000 00452nam a2200169Ia 4500
008 231217s9999 xx 000 0 und d
020 _a8178810433
041 _aEnglish
082 _a332.456 MUR;1 R
100 _aMurthy, G R K ed.
245 0 _aForex markets : exchange rate dynamics
260 _c2004
_bIcfai
_aHyderabad
300 _axv, 166+A10
400 _aForex Series
650 _aForex,markets,exchange,rate,dynamics
942 _cAA
999 _c189480
_d189480